Matters of discretion : (Record no. 14197)

000 -LEADER
fixed length control field 01370cam a2200361 a 4500
001 - CONTROL NUMBER
control field 16770817
005 - DATE AND TIME OF LATEST TRANSACTION
control field 20170105102849.0
008 - FIXED-LENGTH DATA ELEMENTS--GENERAL INFORMATION
fixed length control field 110217s2011 ii af g 001 0aeng d
010 ## - LIBRARY OF CONGRESS CONTROL NUMBER
LC control number 2011321814
020 ## - INTERNATIONAL STANDARD BOOK NUMBER
International Standard Book Number 9789380480800
020 ## - INTERNATIONAL STANDARD BOOK NUMBER
International Standard Book Number 9380480806
025 ## - OVERSEAS ACQUISITION NUMBER
Overseas acquisition number I-E-2011-321814; 61-92; 62-92
035 ## - SYSTEM CONTROL NUMBER
System control number (OCoLC)ocn704229425
035 ## - SYSTEM CONTROL NUMBER
System control number (OCoLC)704229425
037 ## - SOURCE OF ACQUISITION
Stock number Library of Congress -- New Delhi Overseas Office
040 ## - CATALOGING SOURCE
Original cataloging agency DKAGE
Language of cataloging eng
Transcribing agency DKAGE
Modifying agency DLC
042 ## - AUTHENTICATION CODE
Authentication code lccopycat
-- lcode
043 ## - GEOGRAPHIC AREA CODE
Geographic area code a-ii---
050 00 - LIBRARY OF CONGRESS CALL NUMBER
Classification number DS481.G87
Item number G85 2011
082 04 - DEWEY DECIMAL CLASSIFICATION NUMBER
Classification number 954.052092
Edition number 22
100 1# - MAIN ENTRY--PERSONAL NAME
Personal name Gujral, I. K.
Fuller form of name (Inder Kumar),
Dates associated with a name 1919-2012.
245 10 - TITLE STATEMENT
Title Matters of discretion :
Remainder of title an autobiography /
Statement of responsibility, etc. I.K. Gujral.
260 ## - PUBLICATION, DISTRIBUTION, ETC.
Place of publication, distribution, etc. New Delhi :
Name of publisher, distributor, etc. Hay House Publishers (India),
Date of publication, distribution, etc. 2011.
300 ## - PHYSICAL DESCRIPTION
Extent 519 p., [16] p. of plates :
Other physical details ill. (chiefly col.) ;
Dimensions 24 cm.
500 ## - GENERAL NOTE
General note Includes index.
505 0# - FORMATTED CONTENTS NOTE
Formatted contents note Pt. 1. Entry into the whirlpool of politics -- pt. 2. From politics to diplomacy -- pt. 3. Back in the whirlpool of politics -- pt. 4. My tensure as prime minister.
600 10 - SUBJECT ADDED ENTRY--PERSONAL NAME
Personal name Gujral, I. K.
Fuller form of name (Inder Kumar),
Dates associated with a name 1919-2012.
650 #0 - SUBJECT ADDED ENTRY--TOPICAL TERM
Topical term or geographic name entry element Prime ministers
Geographic subdivision India
Form subdivision Biography.
651 #0 - SUBJECT ADDED ENTRY--GEOGRAPHIC NAME
Geographic name India
General subdivision Politics and government
Chronological subdivision 1977-
906 ## - LOCAL DATA ELEMENT F, LDF (RLIN)
a 7
b cbc
c copycat
d 3
e ncip
f 20
g y-gencatlg
942 ## - ADDED ENTRY ELEMENTS (KOHA)
Source of classification or shelving scheme
Koha item type Book
Holdings
Withdrawn status Lost status Damaged status Not for loan Collection code Permanent Location Current Location Shelving location Date acquired Total Checkouts Full call number Barcode Date last seen Price effective from Koha item type
          Centre for International Peace & Stability (CIPS) Centre for International Peace & Stability (CIPS) General Stacks 08/20/2013   954.052092 GUJ 2011 CIPS0000691 08/20/2013 08/20/2013 Book
© 2023 Central Library, National University of Sciences and Technology. All Rights Reserved.